Essentials of Human Communication / (Record no. 16047)

000 -LEADER
fixed length control field 00603nam a22001817a 4500
005 - DATE AND TIME OF LATEST TRANSACTION
control field 20260417092745.0
008 - FIXED-LENGTH DATA ELEMENTS--GENERAL INFORMATION
fixed length control field 260417b ||||| |||| 00| 0 eng d
020 ## - INTERNATIONAL STANDARD BOOK NUMBER
International Standard Book Number 9780134184951
040 ## - CATALOGING SOURCE
Original cataloging agency LoC CIP
Transcribing agency MMU
Modifying agency obonyo
100 ## - MAIN ENTRY--PERSONAL NAME
Personal name DeVito, Joseph A.
245 ## - TITLE STATEMENT
Title Essentials of Human Communication /
Statement of responsibility, etc. Joseph A. DeVito
250 ## - EDITION STATEMENT
Edition statement 9th edition
260 ## - PUBLICATION, DISTRIBUTION, ETC. (IMPRINT)
Place of publication, distribution, etc. Boston :
Name of publisher, distributor, etc. Pearson,
Date of publication, distribution, etc. 2017.
300 ## - PHYSICAL DESCRIPTION
Extent xix, 363 pages :
Other physical details illustrations, map ;
Dimensions 28 cm
500 ## - GENERAL NOTE
General note Includes bibliographical references (pages 321-341) and index
650 ## - SUBJECT ADDED ENTRY--TOPICAL TERM
Topical term or geographic name as entry element Communication
942 ## - ADDED ENTRY ELEMENTS (KOHA)
Source of classification or shelving scheme
Koha item type GENERAL COLLECTION FOR LOAN
Classification part P90
Call number prefix D48 2017
Call number suffix 2017
Holdings
Withdrawn status Lost status Source of classification or shelving scheme Damaged status Not for loan Collection code Permanent location Current location Shelving location Date acquired Source of acquisition Inventory number Total Checkouts Full call number Barcode Date last seen Date last checked out Copy number Price effective from Koha item type
          Non-fiction MULTIMEDIA UNIVERSITY LIBRARY MULTIMEDIA UNIVERSITY LIBRARY General Stacks 2026-04-17 Purchase 2017-237 1 P90 .D48 2017 117B00416 2026-04-23 2026-04-17 C.3. 2026-04-17 GENERAL COLLECTION FOR LOAN
          Non-fiction MULTIMEDIA UNIVERSITY LIBRARY MULTIMEDIA UNIVERSITY LIBRARY General Stacks 2026-04-17 Purchase 2017-239   P90 .D48 2017 117B00418 2026-04-17   C.1. 2026-04-17 GENERAL COLLECTION FOR LOAN
          Non-fiction MULTIMEDIA UNIVERSITY LIBRARY MULTIMEDIA UNIVERSITY LIBRARY General Stacks 2026-04-17 Purchase 2017-238   P90 .D48 2017 117B00417 2026-04-17   C.2. 2026-04-17 GENERAL COLLECTION FOR LOAN

Mobile:
Email: info@mmu.ac.ke| |Website

Powered by CoreTEC.co.ke.